Eyes in Movie Posters Quiz Stats

 Plays Quiz Updated Jan 13, 2016

Also try: Sliced Movies
Challenge
Share
Tweet
Score 0/25 Timer 07:00
0 Plays Today
% Correct
Home Alone
99.2%
Avatar
98.7%
The Terminator
94.5%
Black Swan
81.3%
The Silence of the Lambs
80.3%
The Great Gatsby
77.6%
Thor
75.6%
Anchorman: The Legend of Ron Burgundy
75.5%
Face/Off
73.5%
Lara Croft: Tomb Raider
66.3%
The Truman Show
65%
Kick-Ass 2
64.1%
Kill Bill: Vol. 1
58.8%
% Correct
Les Misérables
56%
Mad Max: Fury Road
54.6%
Live Free or Die Hard
49%
Mission: Impossible – Ghost Protocol
45.5%
The Book of Eli
42%
Underworld: Evolution
41.5%
The Grey
37.7%
Lucy
28.9%
Hot Fuzz
24.2%
Pirates of the Caribbean: The Curse of the Black Pearl
21.8%
The Ides of March
18.7%
Harry Potter and the Deathly Hallows: Part 1
12.2%

You're not logged in!

Compare scores with friends on all Sporcle quizzes.
Join for Free
OR
Log In

You Might Also Like...

Show Comments

Extras

Top Quizzes Today


Score Distribution

Your Account Isn't Verified!

In order to create a playlist on Sporcle, you need to verify the email address you used during registration. Go to your Sporcle Settings to finish the process.

Report this User

Report this user for behavior that violates our Community Guidelines.

Details: